| 000 | 00368cam a2200157ua 4500 | ||
|---|---|---|---|
| 041 |
_aeng _h |
||
| 082 |
_a823.308 _bGIL/PL |
||
| 100 | _aGilbert, Stuart . | ||
| 245 |
_aPlague / _cStuart Gilbert. _hTextual Documents |
||
| 250 |
_a1 / _b. |
||
| 260 |
_aLondon : _bHamish Hamilton , _c1964. |
||
| 300 | _a285 ; . | ||
| 504 | _a | ||
| 942 | _cBK | ||
| 999 |
_c6896 _d6896 |
||